| 000 | 00702nam a2200229Ia 4500 | ||
|---|---|---|---|
| 001 | 15205 | ||
| 003 | GE_BSU | ||
| 008 | 181216s||||||||xx |||||||||||||| ||und|| | ||
| 020 | _a5525005557 | ||
| 040 | _cGE_BSU | ||
| 080 | _a821.353.1-1 | ||
| 100 | _aშალამბერიძე, ოთარ | ||
| 245 | _aთბილისური აპრილის ელეგიები | ||
| 245 | _bლექსები | ||
| 245 | _cრედ:ლ.სტვილია; მხატვ:გ.ღლონტი | ||
| 260 | _aთბილისი. | ||
| 260 | _bნაკადული | ||
| 260 | _c1991 | ||
| 300 | _a128გვ;16სმ. | ||
| 653 | _aლექსები | ||
| 942 | _cBK | ||
| 999 |
_c48317 _d48317 |
||